Biomateriales dentales (Registro nro. 729)
[ vista simple ]
| 000 -CABECERA | |
|---|---|
| campo de control de longitud fija | 01161aam a2200421 4500 |
| 005 - FECHA Y HORA DE ACTUALIZACIÓN | |
| campo de control | 20190201095859.0 |
| 008 - LONGITUD FIJA | |
| campo de control de longitud fija | 150902b xxu||||| |||| 00| 0 spa d |
| 041 ## - IDIOMA | |
| Código de idioma del texto/pista de sonido o título separado | |
| 082 ## - CLASIFICACIÓN DECIMAL DEWEY | |
| Número de clasificación | 617.695 C873b |
| 100 ## - AUTOR PERSONAL | |
| Nombre de persona | Cova, Jose Luis |
| 245 ## - TÍTULO PROPIAMENTE DICHO | |
| Título | Biomateriales dentales |
| 260 ## - PIE DE IMPRENTA | |
| Lugar de publicación, distribución, etc. | México |
| 260 ## - PIE DE IMPRENTA | |
| Nombre del editor, distribuidor, etc. | Amolca |
| 260 ## - PIE DE IMPRENTA | |
| Fecha de publicación, distribución, etc. | 2010 |
| 300 ## - DESCRIPCIÓN FÍSICA | |
| Extensión | 382 páginas |
| 650 ## - Materia General | |
| Materia general | MATERIALES DENTALES |
| 650 ## - Materia General | |
| Materia general | BIOMATERIALES DENTALES |
| 650 ## - Materia General | |
| Materia general | CERAS |
| 650 ## - Materia General | |
| Materia general | YESO |
| 650 ## - Materia General | |
| Materia general | REVESTIMIENTO |
| 650 ## - Materia General | |
| Materia general | ABRASIVOS |
| 650 ## - Materia General | |
| Materia general | DIENTES ARTIFICIALES |
| 650 ## - Materia General | |
| Materia general | RESINAS ACRÍLICAS |
| 650 ## - Materia General | |
| Materia general | ALGINATOS |
| 650 ## - Materia General | |
| Materia general | METAL CERÁMICA |
| 650 ## - Materia General | |
| Materia general | CROMO COBALTO |
| 650 ## - Materia General | |
| Materia general | PORCELANA |
| 650 ## - Materia General | |
| Materia general | MATERIALES DE IMPRESIÓN |
| 650 ## - Materia General | |
| Materia general | POLISULFURO |
| 650 ## - Materia General | |
| Materia general | SILICONAS |
| 650 ## - Materia General | |
| Materia general | MATERIALES DE LABORATORIO |
| 650 ## - Materia General | |
| Materia general | CEMENTOS |
| 650 ## - Materia General | |
| Materia general | BARNICES |
| 650 ## - Materia General | |
| Materia general | AMALGAMAS DENTALES |
| 650 ## - Materia General | |
| Materia general | ALEACIONES DE ORO |
| 650 ## - Materia General | |
| Materia general | CEROMEROS |
| 942 ## - Punto de Acceso Adicional Koha | |
| Tipo de ítem Koha | Libro |
| Estado perdido | Estado dañado | No para préstamo | Biblioteca permanente | Biblioteca actual | Signatura completa | Código de barras | Precio efectivo a partir del | Tipo de ítem |
|---|---|---|---|---|---|---|---|---|
| Departamento de Biblioteca y Documentación Alfonso Chase Brenes | Departamento de Biblioteca y Documentación Alfonso Chase Brenes | 617.695 C873b | 16841 | 13/09/2016 | Libro | |||
| Departamento de Biblioteca y Documentación Alfonso Chase Brenes | Departamento de Biblioteca y Documentación Alfonso Chase Brenes | 617.695 C873b | 16842 | 13/09/2016 | Libro |